Discursos pronunciados en las sesiones del Congreso de los Diputados los días 28 y 30 de junio / (Record no. 164427)
[ view plain ]
| 000 -LEADER | |
|---|---|
| campo de control de longitud fija | 00724nam a2200169 i 4500 |
| 001 - NÚMERO DE CONTROL | |
| campo de control | 164427 |
| 003 - IDENTIFICADOR DE NÚMERO DE CONTROL | |
| campo de control | ES-MaACL |
| 005 - FECHA Y HORA DE LA ÚLTIMA TRANSACCIÓN | |
| campo de control | 20230906212932.0 |
| 008 - DATOS DE LONGITUD FIJA--INFORMACIÓN GENERAL | |
| campo de control de longitud fija | 021111s1887 sp |||| | spa d |
| 100 1# - ENTRADA PRINCIPAL--NOMBRE DE PERSONA | |
| Nombre de persona | Salcedo, Gaspar. |
| 9 (RLIN) | 132329 |
| 245 10 - MENCIÓN DEL TÍTULO | |
| Título | Discursos pronunciados en las sesiones del Congreso de los Diputados los días 28 y 30 de junio / |
| Mención de responsabilidad, etc. | por el general Gaspar Salcedo, sobre las reformas militares. |
| 260 ## - PUBLICACIÓN, DISTRIBUCIÓN, ETC. | |
| Lugar de publicación, distribución, etc. | Madrid : |
| Nombre del editor, distribuidor, etc. | [s.n.], |
| Fecha de publicación, distribución, etc. | 1887 ( |
| Fabricante | Imp. de los Hijos de J.A. García) |
| 300 ## - DESCRIPCIÓN FÍSICA | |
| Extensión | 81 p. ; |
| Dimensiones | 21 cm. |
| 650 04 - PUNTO DE ACCESO ADICIONAL DE MATERIA--TÉRMINO DE MATERIA | |
| Término de materia o nombre geográfico como elemento de entrada | Ejército- |
| Subdivisión geográfica | España- |
| Subdivisión cronológica | S.XIX. |
| 9 (RLIN) | 166099 |
| 651 #4 - PUNTO DE ACCESO ADICIONAL DE MATERIA--NOMBRE GEOGRÁFICO | |
| Nombre geográfico | España- |
| Subdivisión general | Historia militar- |
| Subdivisión cronológica | S.XIX. |
| 9 (RLIN) | 8374 |
| 852 ## - LOCALIZACIÓN | |
| Ubicación | ES-MaACL |
| Número de control de estantería | T-795-F-3 |
| Nota libre | - Enc. hol., falto de enc. original |
| -- | - Enc. en un vol. facticio |
| Estatus retirado | Estado de pérdida | Estado de daño | No para préstamo | Colección | Biblioteca de origen | Biblioteca actual | Ubicación en estantería | Fecha de adquisición | Total de préstamos | Signatura topográfica completa | Código de barras | Visto por última vez | Precio de reemplazo | Tipo de ítem Koha |
|---|---|---|---|---|---|---|---|---|---|---|---|---|---|---|
| Colección de folletos | Biblioteca del Ateneo de Madrid | Biblioteca del Ateneo de Madrid | Depósito folletos | 17/01/2008 | T-795-F-3 | 1172349 | 23/02/2023 | 23/02/2023 | Folleto |
